000 00392nam a22001457a 4500
003 SGT
020 _a9781455710942
082 _a617.525
_bT11H
100 _a Harry Dym, Orrett E. Ogle
245 _aTechnological Advances in Dentistry and Oral Surgery
260 _aLondon, United Kingdom
_bElsevier Health Sciences
_c2011
300 _a419-648
650 _aOral Surgery
942 _2ddc
_cBK
999 _c18062
_d18062